000 01018nam a22003377a 4500
003 CHAP
005 20220329134556.0
008 971013s1984 r 00010 d
010 _a22413
011 _a23385
035 _a27481
040 _cCHAP
082 _a631.403
_bB68
100 0 0 _aBowman, Frank J.
_914841
245 _aAgriculture soils
260 _aNew York :
_bMacMillan,
_c1984
300 _a104 p.
_b: ilus.
490 _aMacMillan career english
590 _aBATCH-UPD
_b10
_c20130110
_lUCH01
_h0041
590 _aBATCH-UPD
_b10
_c20130110
_lUCH01
_h1915
590 _aBATCH-UPD
_b10
_c20130410
_lUCH01
_h1241
590 _aBATCH-UPD
_b10
_c20130914
_lUCH01
_h0744
590 _aCONVERSION
_b10
_c20130109
_lUCH01
_h1313
650 1 4 _aSuelos agrícolas.
_9110531
650 1 4 _aSuelos
_xDiccionarios.
_9110340
700 0 _aJackson, Marla A.
_960821
830 0 _aMacMillan career english
_969478
901 _aBK
942 _cLIBRO
949 _a631.403 B68
_bBC
_cC
_d33724000121364
_eC
_h63878
_i27481
_si
999 _c22413
_d22413